<?xml version="1.0" encoding="UTF-8"?><?xml-stylesheet type="text/xsl" href="static/style.xsl"?><OAI-PMH xmlns="http://www.openarchives.org/OAI/2.0/" xmlns:xsi="http://www.w3.org/2001/XMLSchema-instance" xsi:schemaLocation="http://www.openarchives.org/OAI/2.0/ http://www.openarchives.org/OAI/2.0/OAI-PMH.xsd"><responseDate>2026-04-15T02:39:00Z</responseDate><request verb="GetRecord" identifier="oai:riuma.uma.es:10630/28362" metadataPrefix="marc">https://riuma.uma.es/rest/oai/request</request><GetRecord><record><header><identifier>oai:riuma.uma.es:10630/28362</identifier><datestamp>2026-02-03T10:28:18Z</datestamp><setSpec>com_10630_1685</setSpec><setSpec>col_10630_38056</setSpec></header><metadata><record xmlns="http://www.loc.gov/MARC21/slim" xmlns:dcterms="http://purl.org/dc/terms/" xmlns:doc="http://www.lyncode.com/xoai" xmlns:xsi="http://www.w3.org/2001/XMLSchema-instance" xsi:schemaLocation="http://www.loc.gov/MARC21/slim http://www.loc.gov/standards/marcxml/schema/MARC21slim.xsd">
   <leader>00925njm 22002777a 4500</leader>
   <datafield ind2=" " ind1=" " tag="042">
      <subfield code="a">dc</subfield>
   </datafield>
   <datafield ind2=" " ind1=" " tag="720">
      <subfield code="a">Martínez García, Pedro</subfield>
      <subfield code="e">author</subfield>
   </datafield>
   <datafield ind2=" " ind1=" " tag="260">
      <subfield code="c">2022</subfield>
   </datafield>
   <datafield ind2=" " ind1=" " tag="520">
      <subfield code="a">El presente trabajo trata sobre la creación de una empresa tecnológica cuyo producto principal es una aplicación disponible en varias plataformas para teléfono móvil y ordenador personal.&#xd;
Se analizarán las cuatro variables del Marketing Mix, es decir, producto, precio, promoción y distribución, así como el entorno en el que se desenvolverá y cómo se introduce esta compañía en él. Por último, se describirán los aspectos legales pertinentes y su viabilidad económica y financiera.&#xd;
Con este producto se busca acercar la oferta de la ciudad de Málaga a la demanda, siendo esta numerosa y desconcentrada, aumentando el atractivo del municipio al aumentar las posibilidades de los activos turísticos de la ciudad, su cultura y su gastronomía y se ofrecen soluciones a algunos de los problemas de los que adolece la administración local.&#xd;
Make Málaga es otra apuesta por la digitalización del turismo, adaptando el comercio turístico local a las nuevas tendencias tecnológicas que se presentan en el mundo de hoy y un apoyo para el cumplimiento de la planificación turística de la ciudad.</subfield>
   </datafield>
   <datafield ind1="8" ind2=" " tag="024">
      <subfield code="a">https://hdl.handle.net/10630/28362</subfield>
   </datafield>
   <datafield tag="653" ind2=" " ind1=" ">
      <subfield code="a">Finanzas</subfield>
   </datafield>
   <datafield tag="653" ind2=" " ind1=" ">
      <subfield code="a">Economía</subfield>
   </datafield>
   <datafield tag="653" ind2=" " ind1=" ">
      <subfield code="a">Empresas turísticas</subfield>
   </datafield>
   <datafield tag="653" ind2=" " ind1=" ">
      <subfield code="a">Administración de empresas</subfield>
   </datafield>
   <datafield tag="653" ind2=" " ind1=" ">
      <subfield code="a">Turismo local</subfield>
   </datafield>
   <datafield ind2="0" ind1="0" tag="245">
      <subfield code="a">Make Málaga, un punto de encuentro entre oferta, demanda y administración pública.</subfield>
   </datafield>
</record>
</metadata></record></GetRecord></OAI-PMH>